MARC details
| 000 -LEADER |
| fixed length control field |
02280cam a2200373Ii 4500 |
| 001 - CONTROL NUMBER |
| control field |
5329669 |
| 003 - CONTROL NUMBER IDENTIFIER |
| control field |
OCoLC |
| 005 - DATE AND TIME OF LATEST TRANSACTION |
| control field |
20190116110757.0 |
| 008 - FIXED-LENGTH DATA ELEMENTS--GENERAL INFORMATION |
| fixed length control field |
790831s1978 miu b 001 0 eng d |
| 010 ## - LIBRARY OF CONGRESS CONTROL NUMBER |
| LC control number |
78062442 |
| 020 ## - INTERNATIONAL STANDARD BOOK NUMBER |
| International Standard Book Number |
0801060877 |
| 020 ## - INTERNATIONAL STANDARD BOOK NUMBER |
| International Standard Book Number |
9780801060878 |
| 020 ## - INTERNATIONAL STANDARD BOOK NUMBER |
| International Standard Book Number |
0801060621 |
| 020 ## - INTERNATIONAL STANDARD BOOK NUMBER |
| International Standard Book Number |
9780801060625 |
| 035 ## - SYSTEM CONTROL NUMBER |
| System control number |
(OCoLC)5329669 |
| Canceled/invalid control number |
(OCoLC)695459145 |
| -- |
(OCoLC)796947313 |
| 040 ## - CATALOGING SOURCE |
| Original cataloging agency |
TSW |
| Language of cataloging |
eng |
| Transcribing agency |
TSW |
| Modifying agency |
WY@ |
| -- |
UPM |
| -- |
MXD |
| -- |
OCLCF |
| -- |
OCLCO |
| -- |
CFT |
| -- |
OCLCQ |
| -- |
FIN |
| 050 00 - LIBRARY OF CONGRESS CALL NUMBER |
| Classification number |
RC537 |
| Item number |
.M55 |
| 082 04 - DEWEY DECIMAL CLASSIFICATION NUMBER |
| Classification number |
616.85 |
| Item number |
M665H |
| 100 1# - MAIN ENTRY--PERSONAL NAME |
| Personal name |
Minirth, Frank B. |
| 245 10 - TITLE STATEMENT |
| Title |
Happiness is a choice : |
| Remainder of title |
a manual on the symptoms, causes, and cures of depression / |
| Statement of responsibility, etc. |
Frank B. Minirth and Paul D. Meier. |
| 260 ## - PUBLICATION, DISTRIBUTION, ETC. |
| Place of publication, distribution, etc. |
Grand Rapids : |
| Name of publisher, distributor, etc. |
Baker Book House, |
| Date of publication, distribution, etc. |
©1978. |
| 300 ## - PHYSICAL DESCRIPTION |
| Extent |
248 pages ; |
| Dimensions |
23 cm |
| 336 ## - CONTENT TYPE |
| Content type term |
text |
| Content type code |
txt |
| Source |
rdacontent |
| 337 ## - MEDIA TYPE |
| Media type term |
unmediated |
| Media type code |
n |
| Source |
rdamedia |
| 338 ## - CARRIER TYPE |
| Carrier type term |
volume |
| Carrier type code |
nc |
| Source |
rdacarrier |
| 500 ## - GENERAL NOTE |
| General note |
Includes indexes. |
| 504 ## - BIBLIOGRAPHY, ETC. NOTE |
| Bibliography, etc. note |
Includes bibliographical references. |
| 505 00 - FORMATTED CONTENTS NOTE |
| Miscellaneous information |
Foreword -- |
| Title |
Inner reflections -- |
| Miscellaneous information |
Part one : |
| Title |
what is depression? Who gets depressed? -- |
| -- |
What are the symptoms of depression? -- |
| -- |
Is suicide a sin? -- |
| -- |
Are grief reactions the same as depression? -- |
| Miscellaneous information |
Part two : |
| Title |
what causes depression? Is genetics a good excuse? -- |
| -- |
How deep do the roots of depression run? -- |
| -- |
What are the primary sources of emotional pain? -- |
| -- |
Do "nice guys" finish last? -- |
| -- |
Can depression be acted out? -- |
| -- |
What precipitating stresses bring on depression? -- |
| -- |
What are the personality dynamics that lead to depression? -- |
| Miscellaneous information |
Part three : |
| Title |
how can one overcome depression? Are there some basic guidelines for a happy life? -- |
| -- |
How do you handle anger? -- |
| -- |
When are medication and hospitalization advantageous? -- |
| -- |
How do you handle anxiety? -- |
| -- |
How do you find lifelong happiness? -- |
| Miscellaneous information |
Appendices and notes. |
| Title |
Classifications of depression -- |
| -- |
Case studies of depressed individuals -- |
| -- |
Drugs and the treatment of depression -- |
| Miscellaneous information |
Notes -- |
| -- |
Indices. Index of Scripture -- |
| -- |
General index. |
| 650 #0 - SUBJECT ADDED ENTRY--TOPICAL TERM |
| Topical term or geographic name entry element |
Depression, Mental. |
| 650 #0 - SUBJECT ADDED ENTRY--TOPICAL TERM |
| Topical term or geographic name entry element |
Psychiatry and religion. |
| 700 1# - ADDED ENTRY--PERSONAL NAME |
| Personal name |
Meier, Paul D., |
| Relator term |
author. |
| 776 08 - ADDITIONAL PHYSICAL FORM ENTRY |
| Relationship information |
Online version: |
| Main entry heading |
Minirth, Frank B. |
| Title |
Happiness is a choice. |
| Place, publisher, and date of publication |
Grand Rapids : Baker Book House, ©1978 |
| Record control number |
(OCoLC)894891501. |
| 942 ## - ADDED ENTRY ELEMENTS (KOHA) |
| Source of classification or shelving scheme |
Dewey Decimal Classification |
| Koha item type |
Books |